NBA Mascots of the Year - Statistics

General Stats
  • This quiz has been taken 11 times
  • The average score is 6 of 14
Answer Stats
Year Team Answer % Correct
2015 Chicago Bulls Benny the Bull
55%
2005 Houston Rockets Clutch
45%
2013 Houston Rockets Clutch
45%
2011 Memphis Grizzlies Grizz
45%
2006 Utah Jazz Jazz Bear
45%
2008 Utah Jazz Jazz Bear
45%
2018 Utah Jazz Jazz Bear
45%
2009 Oklahoma City Thunder Rumble the Bison
45%
2010 Milwaukee Bucks Bango
36%
2016 Orlando Magic Stuff the Magic Dragon
36%
2017 Orlando Magic Stuff the Magic Dragon
36%
2014 San Antonio Spurs The Coyote
36%
2012 Minnesota Timberwolves Crunch the Wolf
27%
2007 New Orleans Hornets Hugo the Hornet
27%
No matching quizzes found
Score Distribution
Percent of People with Each Score
Percentile by Number Answered
Your Score History
You have not taken this quiz